| 000 | 01205cam a2200277 i 4500 | ||
|---|---|---|---|
| 001 | 30566 | ||
| 003 | Mx-PuUPA | ||
| 005 | 20231031132347.0 | ||
| 008 | 140415s2010 mx frl 000 0 mul d | ||
| 040 |
_cMx-PuUPA _aMx-PuUPA _bspa _dMx-PuUPA _erda |
||
| 041 | 0 |
_aspa _atzo |
|
| 110 | 2 |
_aMexico. _bCongreso. _bCámara de Senadores _915066 |
|
| 245 | 0 | 0 |
_aSmuk'ta lekil sk'oplal stso'bolil slumalil mejikanoetik, ta cha'pasoj li ta vo'o'm aka'lil yual pebrero ta 1857 = _bConstitución Política de los Estados Unidos Mexicanos / _cSenado de la República ; traducción al tsotsil, José Vázquez López |
| 264 | 1 |
_aMéxico, D.F. : _bSenado de la República : Siglo xxi Editores, _c2010 |
|
| 300 |
_a223 páginas ; _c21 cm |
||
| 336 |
_2rdacontent _atexto _btxt |
||
| 337 |
_2rdamedia _asin medio _bn |
||
| 338 |
_2rdacarrier _avolumen _bnc |
||
| 500 | _a"200/100 Independencia, revolución, Senado de la República". -- Cubierta | ||
| 546 | _aTexto en español y lengua tsotsil. | ||
| 650 | 7 |
_2armarc _aConstitución política, 1917 _zMéxico |
|
| 700 | 1 |
_aVázquez López, José, _etraductor |
|
| 942 |
_2ddc _cLI _h342.7202 _iS6667 |
||
| 999 |
_c30566 _d30566 |
||